Call of Duty Black Ops 3 Weapons - Statistics

General Stats
  • This quiz has been taken 3,353 times
    2,186 since last reset
  • The average score is 20 of 57
Answer Stats
Hint Answer % Correct
SMG Kuda
75%
AR KN-44
73%
SMG VMP
73%
Sniper Locus
70%
SMG Vesper
65%
AR Man-O-War
61%
LMG Dingo
59%
AR M8A7
57%
Shotgun Argus
54%
SMG Pharo
54%
Sniper Drakon
53%
Pistol RK5
52%
LMG Gorgon
49%
SMG Razorback
49%
AR Sheiva
49%
SMG Weevil
49%
LMG BRM
48%
Pistol MR6
47%
Sniper SVG-100
46%
AR ICR-1
45%
AR HVK-30
44%
AR XR-2
43%
Launcher Blackcell
41%
Sniper P-06
41%
Launcher XM-53
41%
LMG 48 Dredge
39%
Shotgun Haymaker 12
38%
Pistol L-CAR 9
38%
Shotgun 205 Brecci
37%
Special Combat Knife
36%
Shotgun KRM-262
32%
Black Market Ranged HG-40
25%
Black Market Ranged FFAR
23%
Black Market Melee Butterfly Knife
22%
Black Market Ranged NX Shadowclaw
22%
Black Market Ranged MX Garand
21%
Black Market Melee Wrench
19%
Black Market Ranged Peacekeeper Mk. 2
18%
Black Market Melee Brass Knuckles
17%
Black Market Ranged Banshii
16%
Black Market Melee Fury's Song
16%
Black Market Melee MVP
16%
Black Market Ranged Marshal 16
15%
Black Market Ranged Rift E-9
15%
Black Market Ranged RSA Interdiction
15%
Black Market Ranged DBSR-50
14%
Black Market Ranged L4 Siege
14%
Black Market Ranged R70 Ajax
13%
Black Market Melee Carver
12%
Black Market Melee Iron Jim
12%
Black Market Melee Malice
12%
Black Market Melee Nunchucks
10%
Black Market Melee Skull Splitter
10%
Black Market Melee Enforcer
9%
Black Market Melee Night Breaker
9%
Black Market Melee Buzz Cut
8%
Black Market Melee Slash N' Burn
8%
No matching quizzes found
Score Distribution
Percent of People with Each Score
Percentile by Number Answered
Your Score History
You have not taken this quiz since the last reset